Estudios de literaturas románicas /

Сохранить в:
Библиографические подробности
Главный автор: Hatzfeld, Helmut (autor)
Формат:
Язык:испанский
Опубликовано: Barcelona, España: Planeta, 1972, c1972
Серии:(Ensayos Planeta de Lingüística y Crítica Literaria ; 18)
Предметы:
Метки: Добавить метку
Нет меток, Требуется 1-ая метка записи!

MARC

LEADER 00000nam^a2200000^a^4500
001 000156723
005 20250521000000.0
009 20260310100514.856
037 |a Acervo ITESO - Biblioteca 
041 |a ESP 
082 |a 809. 031  |b HAT 
100 |a Hatzfeld, Helmut  |e (autor) 
245 1 0 |a Estudios de literaturas románicas /  |c H. Hatzfeld ; tr. por Rosa Kuhne. 
264 4 |a Barcelona, España:  |b Planeta,  |c 1972, c1972 
300 |a 417 p. 
336 |a texto  |b txt  |2 rdacontenido 
337 |a sin mediación  |b n  |2 rdamedio 
338 |a volumen  |b nc  |2 rdasoporte 
440 1 |a (Ensayos Planeta de Lingüística y Crítica Literaria ;  |v 18) 
649 |a XX 
650 |a Escritores Españoles 
650 |a Escritores Franceses 
650 |a Literatura Francesa -  |x Historia y Crítica 
650 |a Literatura Francesa -  |y Siglo XVI 
650 |a Literatura Española -  |x Historia y Crítica 
650 |a Literatura Española -  |y Siglo XVI 
650 |a Renacimiento -  |z Francia 
650 |a Renacimiento -  |z España 
650 |a Literatura Barroca -  |x Historia y Crítica 
650 |a Literatura Barroca -  |z España 
650 |a Literatura Barroca -  |z Francia 
650 |a Literatura Medieval -  |z Francia 
650 |a Literatura Medieval -  |z España 
650 |a Literatura -  |x Historia y Crítica -  |x Metodología 
650 |a Literatura Comparada -  |x Teoría 
650 |a Cervantes Saavedra, Miguel de 
650 |a Rabelais, François 
600 |a Gracián, Baltasar 
910 |a Fondo Salvador Reynoso Reynoso 
920 |a Impresos - Libros 
930 |a Fondos Especiales 
940 |a Literatura 
905 |a 112 
901 |a 0800016290  |b IT2  |c ESP  |u 20250521 
902 |a https://opac.biblio.iteso.mx/vufind/Record/000156723